| 000 | 00387 a2200145 4500 | ||
|---|---|---|---|
| 005 | 20250714161248.0 | ||
| 020 | _a978-81-7012-176-3 | ||
| 082 | _a346.420 SIN | ||
| 100 | _aSINGH, A . | ||
| 245 | _aTextbook on Law of Contract and Specific Relief | ||
| 250 | _a5th Ed. | ||
| 260 |
_aLucknow, _bEastern Book Company, _c2009. |
||
| 300 |
_alxiv, 432p.: _bindex, _c24cm. |
||
| 942 |
_2ddc _cBKS |
||
| 999 |
_c6685 _d6685 |
||